Logo BPK

Biblioteka

Politechniki Koszalińskiej

Power cables : (Rekord nr 8560)

Szczegóły MARC
000 -ETYKIETA REKORDU
podpole kontrolne o stałej długości 00385nam a2200157 i 4500
001 - NUMER KONTROLNY REKORDU
pole kontrolne bg
040 ## - ŹRÓDŁO KATALOGOWANIA
Instytucja, która utworzyła rekord BPK
041 ## - KOD JĘZYKA
Kod języka tekstu pol
080 ## - UNIWERSALNA KLASYFIKACJA DZIESIĘTNA - UKD
UKD 621.315.2
008 - POLE O STAŁEJ DŁUGOŚCI - DANE KONTROLNE
podpole kontrolne o stałej długości s pl f |000 0 pol
100 1# - NAZWA OSOBOWA
Nazwa osobowa BARNES, C. C.
245 #0 - TYTUŁ/ODPOWIEDZIALNOŚĆ
Tytuł Power cables :
Ciąg dalszy tytułu their design and installation /
Pozostałe elementy strefy tytułu i oznaczenia odpowiedzialności C. Barnes, J. Hacking.
260 ## - STREFA ADRESU WYDAWNICZEGO
Miejsce wydania Londyn,
Data publikacji, dystrybucji/powstania dokumentu 1966.
700 1# - HASŁO DODATKOWE - NAZWA OSOBOWA
Nazwa osobowa HACKING, John
856 ## - LOKALIZACJA I DOSTĘP DO ELEKTRONICZNYCH DOKUMENTÓW ZDALNYCH
Link (URL) http://koha.tu.koszalin.pl/cgi-bin/koha/opac-detail.pl?biblionumber=8560
Tekst linku Katalog online BPK
942 ## - DODATKOWE ELEMENTY (KOHA)
Typ dokumentu Książka
Egzemplarze
Wycofany Status egzemplarza Uszkodzony Dostępność Lokalizacja stała Lokalizacja bieżąca Miejsce przechowywania Sygnatura Kod kreskowy Typ dokumentu
      Dostępny Biblioteka Politechniki Koszalińskiej Biblioteka Politechniki Koszalińskiej Wypożyczalnia BG 5296 02191928 Książka
© 2023 Biblioteka Politechniki Koszalińskiej :: KOHA